000
00263nam a2200109Ia 4500
008
220713s9999 xx 000 0 und d
020
_a
978 0 7166 7733 8
082
_a
JR 591.96 LEAR
100
_a
No author, editors only
245
0
_a
Wild Animals
942
_c
BK
_y
561
_z
John Tresidder
999
_c
697767
_d
697766